[Event "Leca da Palmeira op"]
[Site "Leca da Palmeira"]
[Date "2022.07.31"]
[Round "2"]
[White "De Sousa da Silva, Armando"]
[Black "Buscara, Sevan"]
[Result "0-1"]
[WhiteElo "1974"]
[BlackElo "2404"]
[PlyCount "60"]
[EventDate "2022.07.31"]
[EventType "swiss"]
[EventRounds "9"]
[EventCountry "POR"]
[SourceTitle "CBM 209 Extra"]
[Source "ChessBase"]
[SourceDate "2022.09.30"]
[SourceVersion "1"]
[SourceVersionDate "2022.09.30"]
[SourceQuality "1"]

1. d4 d5 2. c4 c6 3. cxd5 cxd5 4. Nc3 Nf6 5. Nf3 Nc6 6. Bg5 Ne4 7. Bf4 e6 8. e3 Bb4 9. Qb3 g5 10. Be5 f6 11. Bg3 h5 12. h3 Nxg3 13. fxg3 Bd6 14. 0-0-0 f5 15. Bd3 Bxg3 16. Ne2 Na5 17. Qc3 Bd7 18. Kb1 Rc8 19. Qd2 Bd6 20. Nxg5 Nc4 21. Bxc4 Rxc4 22. h4 Bb4 23. Nc3 Bxc3 24. bxc3 Qa5 25. Rc1 Ke7 26. Nf3 Rhc8 27. e4 f4 28. Qxf4 R8c6 29. Qg5+ Kf8 30. Ne5 Rb6+ 0-1

[Event "Gaia Profigaia op 17th"]
[Site "Vila Nova de Gaia"]
[Date "2017.06.17"]
[Round "5"]
[White "De Sousa da Silva, Armando"]
[Black "Sismeiro, Miguel"]
[Result "1/2-1/2"]
[WhiteElo "1926"]
[BlackElo "1528"]
[PlyCount "69"]
[EventDate "2017.06.14"]
[EventType "swiss"]
[EventRounds "7"]
[EventCountry "POR"]
[SourceTitle "CBM 179 Extra"]
[Source "ChessBase"]
[SourceDate "2017.08.23"]
[SourceVersion "1"]
[SourceVersionDate "2017.08.23"]
[SourceQuality "1"]

1. d4 d5 2. Bf4 Nf6 3. Nf3 e6 4. e3 Bd6 5. Ne5 0-0 6. Bd3 c5 7. c3 c4 8. Bc2 Qb6 9. b3 cxb3 10. axb3 Nbd7 11. Qd3 Qc7 12. Nxd7 Bxd7 13. Bg5 Ne4 14. f3 Nxg5 15. h4 Nxf3+ 16. gxf3 f5 17. f4 a6 18. Nd2 b5 19. c4 bxc4 20. bxc4 dxc4 21. Qxc4 Rfc8 22. Qxc7 Rxc7 23. Bd3 Bb4 24. Ke2 Bxd2 25. Kxd2 a5 26. Rhc1 Rxc1 27. Kxc1 g6 28. Kb2 Kg7 29. Rc1 Ra7 30. Ka3 Kf6 31. Be2 h6 32. Bf3 Ke7 33. Rc5 Kd6 34. Kb2 Ra6 35. Ka3 1/2-1/2

[Event "Pontevedra Toxa op"]
[Site "Pontevedra"]
[Date "2016.10.02"]
[Round "9"]
[White "Lorenzo Duran, Marcos"]
[Black "De Sousa da Silva, Armando"]
[Result "1-0"]
[WhiteElo "2134"]
[BlackElo "1939"]
[PlyCount "69"]
[EventDate "2016.09.24"]
[EventType "swiss"]
[EventRounds "9"]
[EventCountry "ESP"]
[SourceTitle "EXT 2017"]
[Source "ChessBase"]
[SourceDate "2016.10.25"]
[SourceVersion "1"]
[SourceVersionDate "2016.10.25"]
[SourceQuality "1"]

1. Nf3 Nf6 2. c4 g6 3. Nc3 d5 4. cxd5 Nxd5 5. Qa4+ Bd7 6. Qh4 Nxc3 7. dxc3 Nc6 8. e4 e5 9. Bg5 Be7 10. Bc4 h6 11. Bxe7 Qxe7 12. Qg3 0-0-0 13. 0-0 g5 14. Bd5 Rde8 15. Nd2 h5 16. Qe3 Kb8 17. b4 Nd8 18. Nb3 h4 19. a4 g4 20. b5 Reg8 21. g3 Ne6 22. Bxe6 Bxe6 23. Nc5 Bc8 24. a5 Rg6 25. Ra2 Rf6 26. Nd3 Qe6 27. Nb4 Rf3 28. Qc5 hxg3 29. fxg3 Rxf1+ 30. Kxf1 Qb3 31. Kg2 f6 32. b6 Qb1 33. Na6+ Ka8 34. Nxc7+ Kb8 35. bxa7# 1-0

[Event "Mondariz IM"]
[Site "Mondariz"]
[Date "2016.08.29"]
[Round "7"]
[White "De Sousa da Silva, Armando"]
[Black "Rey Malde, Henrique"]
[Result "0-1"]
[WhiteElo "1973"]
[BlackElo "2114"]
[PlyCount "86"]
[EventDate "2016.08.25"]
[EventType "tourn"]
[EventRounds "9"]
[EventCountry "ESP"]
[EventCategory "1"]
[SourceTitle "CBM 174 Extra"]
[Source "ChessBase"]
[SourceDate "2016.10.10"]
[SourceVersion "1"]
[SourceVersionDate "2016.10.10"]
[SourceQuality "1"]

1. d4 Nf6 2. Nf3 c5 3. e3 e6 4. Bd3 d5 5. c3 Nc6 6. Nbd2 Be7 7. 0-0 0-0 8. Re1 b6 9. e4 dxe4 10. Nxe4 cxd4 11. Nxf6+ Bxf6 12. Be4 Bb7 13. Nxd4 Na5 14. Bxb7 Nxb7 15. Qf3 Nc5 16. Rd1 Qc8 17. b3 Rd8 18. Bb2 Qa6 19. Nc6 Rxd1+ 20. Rxd1 Qb7 21. b4 Rc8 22. b5 a6 23. a4 Nxa4 24. Ba3 Nc5 25. c4 axb5 26. cxb5 Qa8 27. Bxc5 bxc5 28. Qb3 g6 29. g3 Rxc6 30. bxc6 Qxc6 31. Qc4 Qf3 32. Rd3 Qf5 33. Kg2 Bd4 34. f3 e5 35. Qa6 Kg7 36. g4 Qf4 37. Qc4 e4 38. fxe4 Qf2+ 39. Kh3 Qf1+ 40. Kg3 Be5+ 41. Kh4 Qf2+ 42. Rg3 Bxg3+ 43. hxg3 Qh2+ 0-1

[Event "Mondariz IM"]
[Site "Mondariz"]
[Date "2016.08.26"]
[Round "2"]
[White "De Sousa da Silva, Armando"]
[Black "Oratovsky, Michael"]
[Result "0-1"]
[WhiteElo "1973"]
[BlackElo "2479"]
[PlyCount "66"]
[EventDate "2016.08.25"]
[EventType "tourn"]
[EventRounds "9"]
[EventCountry "ESP"]
[EventCategory "1"]
[SourceTitle "CBM 174 Extra"]
[Source "ChessBase"]
[SourceDate "2016.10.10"]
[SourceVersion "1"]
[SourceVersionDate "2016.10.10"]
[SourceQuality "1"]

1. d4 d6 2. Nf3 g6 3. c4 Bg7 4. Nc3 Nd7 5. e4 e5 6. Be2 Ngf6 7. d5 Nc5 8. Qc2 a5 9. b3 0-0 10. Bg5 h6 11. Bh4 g5 12. Bg3 Nfxe4 13. Nxe4 Nxe4 14. Qxe4 f5 15. Qe3 f4 16. Qd2 fxg3 17. hxg3 e4 18. Nd4 Qf6 19. 0-0-0 c5 20. dxc6 bxc6 21. Qc2 c5 22. Nb5 a4 23. Rxd6 Qa1+ 24. Qb1 Qxb1+ 25. Kxb1 axb3 26. a3 Rxf2 27. Rd8+ Kh7 28. Re1 Bf5 29. Rd5 Bg6 30. g4 e3+ 31. Bd3 Ra2 32. Bxg6+ Kxg6 33. Rd6+ Kh7 0-1

[Event "Mondariz IM"]
[Site "Mondariz"]
[Date "2016.08.25"]
[Round "1"]
[White "Alonso Bouza, Julio Javier"]
[Black "De Sousa da Silva, Armando"]
[Result "1-0"]
[WhiteElo "2334"]
[BlackElo "1973"]
[PlyCount "33"]
[EventDate "2016.08.25"]
[EventType "tourn"]
[EventRounds "9"]
[EventCountry "ESP"]
[EventCategory "1"]
[SourceTitle "CBM 174 Extra"]
[Source "ChessBase"]
[SourceDate "2016.10.10"]
[SourceVersion "1"]
[SourceVersionDate "2016.10.10"]
[SourceQuality "1"]

1. e4 d5 2. exd5 Qxd5 3. Nc3 Qd6 4. Nf3 Nf6 5. h3 a6 6. d4 Bf5 7. Bc4 Nbd7 8. Qe2 Nb6 9. Bb3 e6 10. Nh4 Bg6 11. Nxg6 hxg6 12. Qf3 0-0-0 13. Bf4 Qd7 14. 0-0 Nfd5 15. Be5 Nxc3 16. Qxc3 f6 17. Bxe6 1-0

[Event "Mondariz Cemar op 2nd"]
[Site "Mondariz"]
[Date "2015.08.20"]
[Round "6"]
[White "Buitron Ramil, David"]
[Black "De Sousa da Silva, Armando"]
[Result "1/2-1/2"]
[WhiteElo "1641"]
[BlackElo "1958"]
[PlyCount "162"]
[EventDate "2015.08.16"]
[EventType "swiss"]
[EventRounds "9"]
[EventCountry "ESP"]
[SourceTitle "EXT 2019"]
[Source "ChessBase"]
[SourceDate "2018.10.10"]
[SourceVersion "1"]
[SourceVersionDate "2018.10.10"]
[SourceQuality "1"]

1. e4 c5 2. Nf3 d6 3. d4 cxd4 4. Nxd4 Nf6 5. Nc3 a6 6. Bg5 e6 7. f4 Nbd7 8. Qf3 Qc7 9. g4 b5 10. Bxf6 Nxf6 11. g5 Nd7 12. Bd3 Qb6 13. Nb3 Bb7 14. h4 Be7 15. 0-0-0 0-0-0 16. Qh3 b4 17. Ne2 d5 18. exd5 Bxd5 19. Rhf1 g6 20. Qg3 Bb7 21. Qg1 Qxg1 22. Rxg1 Nc5 23. Rg3 Nxd3+ 24. Rgxd3 Rxd3 25. Rxd3 h6 26. Kd2 hxg5 27. hxg5 Rh2 28. c3 Bd5 29. Nbc1 Bd6 30. Ke1 Bc5 31. Nb3 Be7 32. Nbc1 Kc7 33. b3 bxc3 34. Rxc3+ Kb7 35. Rd3 Bb4+ 36. Kd1 a5 37. Rg3 Be4 38. Rg1 Kb6 39. Rg3 Kc6 40. Rg1 Kd5 41. Rg3 Rh1+ 42. Rg1 Rxg1+ 43. Nxg1 Bb1 44. Ke2 Ke4 45. Nh3 Ba3 46. Kd2 Bb4+ 47. Ke2 Bd6 48. Kd2 Bxf4+ 49. Nxf4 Kxf4 50. a3 Kf3 51. b4 axb4 52. axb4 e5 53. b5 e4 54. b6 e3+ 55. Ke1 Be4 56. Nb3 Kf4 57. Nc5 Bc6 58. b7 Bxb7 59. Nxb7 Kxg5 60. Ke2 Kf4 61. Nd6 f5 62. Nc4 Kg3 63. Nxe3 f4 64. Nd5 g5 65. Kf1 Kf3 66. Nf6 Ke3 67. Ng4+ Kf3 68. Nf6 Kg3 69. Ne4+ Kh4 70. Nxg5 Kxg5 71. Kg2 Kg4 72. Kf2 Kh4 73. Kf3 Kg5 74. Kf2 Kf6 75. Kf3 Kf5 76. Kf2 Ke4 77. Ke2 f3+ 78. Kf2 Kf4 79. Kf1 Ke3 80. Ke1 f2+ 81. Kf1 Kf3 1/2-1/2

[Event "Famalicao op 3rd"]
[Site "Famalicao"]
[Date "2015.08.05"]
[Round "5"]
[White "De Sousa da Silva, Armando"]
[Black "Silva, Ana Ines Teixeira D"]
[Result "1/2-1/2"]
[WhiteElo "1958"]
[BlackElo "1741"]
[PlyCount "106"]
[EventDate "2015.08.02"]
[EventType "swiss"]
[EventRounds "7"]
[EventCountry "POR"]
[SourceTitle "CBM 167 Extra"]
[Source "ChessBase"]
[SourceDate "2015.09.14"]
[SourceVersion "1"]
[SourceVersionDate "2015.09.14"]
[SourceQuality "1"]

1. d4 Nf6 2. Bg5 Ne4 3. Bf4 d5 4. f3 Nf6 5. Qd3 c6 6. Nd2 g6 7. e4 dxe4 8. fxe4 Bg7 9. Ngf3 0-0 10. Be2 b6 11. Qa3 Nbd7 12. h3 c5 13. d5 Bb7 14. c4 e6 15. 0-0 exd5 16. exd5 Nh5 17. Bd6 Re8 18. Rae1 Qf6 19. Bh2 Qxb2 20. Qa4 Ne5 21. Nxe5 Bxe5 22. Bxh5 Bd4+ 23. Kh1 Rxe1 24. Rxe1 Qxd2 25. Rd1 Qe3 26. Bf3 Qe8 27. Qa3 a6 28. Qb3 b5 29. Bg1 Bxg1 30. Kxg1 Rb8 31. Qc3 bxc4 32. Qxc4 Qb5 33. Qf4 Rc8 34. d6 Bxf3 35. Qxf3 c4 36. d7 Qc5+ 37. Kh1 Rd8 38. Qf6 Qc7 39. Qc3 Rxd7 40. Rxd7 Qxd7 41. Qxc4 Qd1+ 42. Kh2 Qd6+ 43. Kh1 Qe6 44. Qc2 Qe1+ 45. Kh2 Qe5+ 46. Kh1 a5 47. a4 Qe1+ 48. Kh2 h5 49. Qc8+ Kg7 50. Qd7 Qe5+ 51. Kh1 Qe1+ 52. Kh2 Qe5+ 53. Kh1 Qe1+ 1/2-1/2

[Event "Ourense Campus 2nd"]
[Site "Ourense"]
[Date "2015.07.11"]
[Round "8.9"]
[White "Gomez Dominguez, Xabier"]
[Black "De Sousa da Silva, Armando"]
[Result "1-0"]
[WhiteElo "2102"]
[BlackElo "1952"]
[PlyCount "97"]
[EventDate "2015.07.06"]
[EventType "swiss"]
[EventRounds "9"]
[EventCountry "ESP"]
[SourceTitle "EXT 2024"]
[Source "ChessBase"]
[SourceDate "2023.10.10"]
[SourceVersion "1"]
[SourceVersionDate "2023.10.10"]
[SourceQuality "1"]

1. e4 c5 2. Nc3 Nc6 3. g3 g6 4. Bg2 Bg7 5. d3 Rb8 6. Be3 b5 7. Qd2 b4 8. Nd1 d6 9. f4 Qc7 10. Nf3 Bg4 11. h3 Bxf3 12. Bxf3 Nd4 13. Bg2 e6 14. 0-0 Ne7 15. c3 bxc3 16. bxc3 Ndc6 17. g4 f5 18. gxf5 gxf5 19. e5 0-0 20. Qf2 Rfd8 21. d4 cxd4 22. cxd4 d5 23. Nc3 Na5 24. Na4 Nc4 25. Rab1 Rxb1 26. Rxb1 Rb8 27. Rxb8+ Qxb8 28. Nc5 Kf7 29. Bf1 Qb1 30. a4 Ng6 31. Nd3 Qb3 32. a5 Nxa5 33. Nc5 Qb1 34. h4 Nc4 35. h5 Nf8 36. Qg3 a5 37. Kf2 a4 38. Bxc4 dxc4 39. d5 Qc2+ 40. Ke1 Qc3+ 41. Kf2 exd5 42. Qf3 Qb2+ 43. Kg3 Qb5 44. Qxd5+ Ke8 45. Qa8+ Ke7 46. Qa7+ Ke8 47. Qxg7 c3 48. Nb7 Qd3 49. Nd6+ 1-0

[Event "Ourense Campus 2nd"]
[Site "Ourense"]
[Date "2015.07.07"]
[Round "2.10"]
[White "De Sousa da Silva, Armando"]
[Black "Guerra Bastida, Diego"]
[Result "1/2-1/2"]
[WhiteElo "1952"]
[BlackElo "2319"]
[PlyCount "185"]
[EventDate "2015.07.06"]
[EventType "swiss"]
[EventRounds "9"]
[EventCountry "ESP"]
[SourceTitle "EXT 2024"]
[Source "ChessBase"]
[SourceDate "2023.10.10"]
[SourceVersion "1"]
[SourceVersionDate "2023.10.10"]
[SourceQuality "1"]

1. c4 e5 2. g3 Nf6 3. Bg2 c6 4. d4 exd4 5. Qxd4 Na6 6. Nf3 Bc5 7. Qe5+ Be7 8. a3 Nc5 9. Qc3 0-0 10. 0-0 a5 11. b3 d5 12. Nbd2 dxc4 13. Qxc4 Be6 14. Qc2 a4 15. bxa4 Qa5 16. Bb2 Qxa4 17. Qc3 Nb3 18. Nxb3 Qxb3 19. Qc1 Qc4 20. Qe1 Qc2 21. Rb1 c5 22. Bxf6 Bxf6 23. Rxb7 Rxa3 24. Qc1 Ra2 25. Qxc2 Rxc2 26. e3 Rd8 27. Rc7 h6 28. h4 g6 29. Rb1 c4 30. Bf1 c3 31. Bc4 Rb2 32. Rc1 c2 33. Be2 Bf5 34. Kh2 Rb1 35. R1xc2 Bxc2 36. Rxc2 Rb2 37. Rxb2 Bxb2 38. Kg2 Kg7 39. Bc4 Rc8 40. Bd3 Rc3 41. Bb5 Rc1 42. Bd3 Ba3 43. Bb5 Bc5 44. Bd3 Rc3 45. Bb5 f5 46. Be8 Rc2 47. Kf1 Kf6 48. Ba4 Ra2 49. Bb3 Rb2 50. Bc4 g5 51. hxg5+ hxg5 52. Be2 Bb6 53. Bd3 f4 54. gxf4 gxf4 55. Nd4 Bxd4 56. exd4 Rd2 57. Be4 Rxd4 58. Bc6 Rc4 59. Bd5 Rc2 60. Kg2 Kg5 61. Kf3 Rd2 62. Be4 Rb2 63. Bd5 Kf5 64. Be4+ Ke5 65. Bc6 Rb6 66. Ba8 Rb3+ 67. Kg4 Rb8 68. Bc6 Rf8 69. Bb7 Rh8 70. Bc6 Rh2 71. Kf3 Rh3+ 72. Kg4 Rh2 73. Kf3 Kf5 74. Bd7+ Kg5 75. Be6 Kf6 76. Bd7 Ke5 77. Bc8 Rh7 78. Bg4 Rc7 79. Bh5 Rc3+ 80. Kg4 Ra3 81. Bg6 Ra6 82. Bd3 Rd6 83. Bh7 Rd7 84. Bb1 Rd1 85. Bh7 Rd4 86. Bb1 Rc4 87. Bd3 Rc3 88. Bh7 f3 89. Kg3 Rc7 90. Bb1 Rf7 91. Bc2 Rf8 92. Bd1 Ke4 93. Bc2+ 1/2-1/2

[Event "Fernando Marcote Memorial op"]
[Site "Ourense"]
[Date "2009.09.25"]
[Round "2"]
[White "De Sousa da Silva, Armando"]
[Black "Granda Zuniga, Julio E"]
[Result "0-1"]
[WhiteElo "2071"]
[BlackElo "2644"]
[PlyCount "114"]
[EventDate "2009.09.25"]
[EventType "swiss (rapid)"]
[EventRounds "7"]
[EventCountry "ESP"]
[SourceTitle "EXT 2010"]
[Source "ChessBase"]
[SourceDate "2010.11.25"]
[SourceVersion "1"]
[SourceVersionDate "2010.11.25"]
[SourceQuality "1"]

1. d4 d5 2. c4 c6 3. Nf3 Nf6 4. Nc3 e6 5. Bg5 h6 6. Bxf6 Qxf6 7. e3 g6 8. Qa4 Nd7 9. cxd5 exd5 10. Be2 Bg7 11. Qa3 Qe7 12. Qb3 0-0 13. 0-0 Re8 14. a4 a5 15. Bd3 Nb8 16. Rac1 Na6 17. Bb1 Be6 18. Ne2 Qb4 19. Qxb4 Nxb4 20. Nf4 Bd7 21. Nd3 Reb8 22. Nc5 Be8 23. Ne5 b6 24. Ncd3 Rc8 25. Rfd1 Bf8 26. Rc3 f6 27. Nf3 g5 28. Rdc1 Kg7 29. h4 Bd7 30. hxg5 hxg5 31. Nxb4 axb4 32. Rb3 Rxa4 33. e4 Be6 34. e5 Ra1 35. Re1 g4 36. exf6+ Kxf6 37. Rbe3 Bf5 38. Nd2 Bd6 39. g3 Rc7 40. Kg2 Rg7 41. Bxf5 Rxe1 42. Rxe1 Kxf5 43. Rc1 c5 44. Nb3 c4 45. Nd2 Re7 46. Kf1 Ra7 47. b3 c3 48. Nb1 Ke4 49. Nxc3+ bxc3 50. Rxc3 Kxd4 51. Rc6 Bc5 52. Rg6 Kc3 53. Rxg4 d4 54. f4 d3 55. Rg8 d2 56. Rd8 Ra1+ 57. Kg2 Bd4 0-1

[Event "Burgas op 18th"]
[Site "Ourense"]
[Date "2009.07.15"]
[Round "9"]
[White "De Sousa da Silva, Armando"]
[Black "Baltar Iglesias, David"]
[Result "0-1"]
[WhiteElo "2071"]
[BlackElo "2323"]
[PlyCount "88"]
[EventDate "2009.07.07"]
[EventType "swiss"]
[EventRounds "9"]
[EventCountry "ESP"]
[SourceTitle "CBM 131 Extra"]
[Source "ChessBase"]
[SourceDate "2009.09.03"]
[SourceVersion "2"]
[SourceVersionDate "2009.09.16"]
[SourceQuality "1"]

1. d4 Nf6 2. Nf3 e6 3. Bg5 c5 4. c3 h6 5. Bxf6 Qxf6 6. Nbd2 cxd4 7. cxd4 Nc6 8. e3 d5 9. Bb5 Bd6 10. Rc1 Bd7 11. 0-0 0-0 12. Nb3 a6 13. Be2 b6 14. a3 Rfc8 15. Rc3 Qd8 16. Qb1 a5 17. Rfc1 Na7 18. Ne5 Rxc3 19. Rxc3 Rc8 20. Bh5 Bxe5 21. Rxc8 Bxh2+ 22. Kxh2 Bxc8 23. Be2 Qc7+ 24. Kg1 Bd7 25. Nc1 Bb5 26. Bxb5 Nxb5 27. Nd3 Nd6 28. Ne5 Ne4 29. Qd1 Nf6 30. Qd2 Nd7 31. Nxd7 Qxd7 32. Qc3 h5 33. Qc2 g6 34. a4 Kg7 35. Kh2 Qd6+ 36. Kg1 h4 37. Kh1 Qb4 38. Kh2 Qe1 39. b3 g5 40. Qb2 g4 41. g3 h3 42. Qc2 Qf1 43. f4 gxf3 44. g4 Qe2+ 0-1

[Event "Burgas op 18th"]
[Site "Ourense"]
[Date "2009.07.10"]
[Round "4"]
[White "Pozo Vera, Sandro"]
[Black "De Sousa da Silva, Armando"]
[Result "1-0"]
[WhiteElo "2452"]
[BlackElo "2071"]
[PlyCount "83"]
[EventDate "2009.07.07"]
[EventType "swiss"]
[EventRounds "9"]
[EventCountry "ESP"]
[SourceTitle "CBM 131 Extra"]
[Source "ChessBase"]
[SourceDate "2009.09.03"]
[SourceVersion "2"]
[SourceVersionDate "2009.09.16"]
[SourceQuality "1"]

1. d4 Nf6 2. Nf3 g6 3. c4 Bg7 4. Nc3 0-0 5. g3 b6 6. Bg2 Bb7 7. d5 d6 8. 0-0 c5 9. e4 a6 10. e5 Ne8 11. e6 fxe6 12. dxe6 Bxc3 13. bxc3 Rf6 14. Bg5 Rf5 15. Nh4 Rxg5 16. Bxb7 Ra7 17. f4 Rh5 18. Bf3 Rh6 19. Ng2 Nc7 20. h4 Qe8 21. g4 Nc6 22. g5 Rh5 23. Bxh5 gxh5 24. f5 b5 25. Nf4 Ne5 26. f6 Kh8 27. Nd5 Nxe6 28. fxe7 Rxe7 29. Nxe7 Qxe7 30. Qxh5 Ng7 31. Qe2 Ne6 32. cxb5 axb5 33. Qf2 Qd7 34. Qf6+ Kg8 35. Rae1 c4 36. Rxe5 dxe5 37. Qxe5 Nf8 38. Rxf8+ Kxf8 39. Qh8+ Ke7 40. Qxh7+ Kd6 41. Qxd7+ Kxd7 42. a3 1-0

[Event "Burgas op 17th"]
[Site "Ourense"]
[Date "2008.07.10"]
[Round "8"]
[White "De Sousa da Silva, Armando"]
[Black "Rey Torres, Salvador"]
[Result "1-0"]
[WhiteElo "2031"]
[BlackElo "1906"]
[PlyCount "79"]
[EventDate "2008.07.03"]
[EventType "swiss"]
[EventRounds "9"]
[EventCountry "ESP"]
[SourceTitle "CBM 125 Extra"]
[Source "ChessBase"]
[SourceDate "2008.09.01"]
[SourceVersion "1"]
[SourceVersionDate "2008.09.01"]
[SourceQuality "1"]

1. d4 d5 2. Nf3 c5 3. dxc5 Nc6 4. c3 Bg4 5. Nbd2 e5 6. b4 a6 7. Bb2 Nf6 8. g3 Qd7 9. h3 Be6 10. Ng5 e4 11. Nxe6 Qxe6 12. e3 Ne5 13. Qc2 Rd8 14. Be2 h5 15. 0-0-0 g6 16. Nb3 Qf5 17. Nd4 Qc8 18. Qa4+ Qd7 19. c6 bxc6 20. Qxa6 Be7 21. b5 c5 22. Nc6 Nxc6 23. bxc6 Qc7 24. c4 0-0 25. cxd5 Nxd5 26. Bc4 Nb4 27. Qb7 Bd6 28. a3 Qxc6 29. Qxc6 Nxc6 30. Bd5 Na5 31. Bc3 Bc7 32. Bxe4 Rfe8 33. Bd5 Rb8 34. Kc2 Nb7 35. Bxb7 Rxb7 36. Rd7 Ra8 37. Rhd1 Kf8 38. Bf6 Ke8 39. Re7+ Kf8 40. Rdd7 1-0

[Event "Burgas op 17th"]
[Site "Ourense"]
[Date "2008.07.09"]
[Round "7"]
[White "Gomez Dominguez, Breixo"]
[Black "De Sousa da Silva, Armando"]
[Result "1/2-1/2"]
[WhiteElo "1856"]
[BlackElo "2031"]
[PlyCount "85"]
[EventDate "2008.07.03"]
[EventType "swiss"]
[EventRounds "9"]
[EventCountry "ESP"]
[SourceTitle "CBM 125 Extra"]
[Source "ChessBase"]
[SourceDate "2008.09.01"]
[SourceVersion "1"]
[SourceVersionDate "2008.09.01"]
[SourceQuality "1"]

1. e4 c6 2. d4 d5 3. Nd2 g6 4. Ngf3 Bg7 5. Be2 Bg4 6. exd5 Qxd5 7. c3 Qa5 8. 0-0 Nd7 9. Nc4 Qc7 10. Ne3 h5 11. d5 Ngf6 12. dxc6 bxc6 13. Nd4 e5 14. Ndc2 Be6 15. Nc4 Nd5 16. Be3 0-0 17. Nb4 a5 18. Nd3 Nxc3 19. bxc3 Bxc4 20. Nc5 Bxe2 21. Qxe2 Nxc5 22. Bxc5 Rfd8 23. Rab1 Rd5 24. Bb6 Qd7 25. Rfd1 Qe6 26. h3 Rb8 27. Be3 Rbd8 28. Rxd5 Qxd5 29. c4 Qe4 30. Rd1 Rxd1+ 31. Qxd1 Kh7 32. Qa4 Bh6 33. Bxh6 Kxh6 34. Qxa5 Qxc4 35. a4 Qc1+ 36. Kh2 f6 37. Qa8 h4 38. a5 Qc5 39. a6 Qxf2 40. a7 Kg5 41. Qb8 Qg3+ 42. Kh1 Qe1+ 43. Kh2 1/2-1/2

[Event "Burgas op 17th"]
[Site "Ourense"]
[Date "2008.07.08"]
[Round "6"]
[White "De Sousa da Silva, Armando"]
[Black "Astasio Lopez, David"]
[Result "0-1"]
[WhiteElo "2031"]
[BlackElo "2258"]
[PlyCount "154"]
[EventDate "2008.07.03"]
[EventType "swiss"]
[EventRounds "9"]
[EventCountry "ESP"]
[SourceTitle "CBM 125 Extra"]
[Source "ChessBase"]
[SourceDate "2008.09.01"]
[SourceVersion "1"]
[SourceVersionDate "2008.09.01"]
[SourceQuality "1"]

1. d4 d5 2. c4 e6 3. Nf3 Nf6 4. Bg5 Nbd7 5. cxd5 exd5 6. Nc3 c6 7. a3 Be7 8. Qc2 0-0 9. e3 Ne4 10. Bf4 f5 11. Bd3 Bf6 12. h3 Qe7 13. 0-0 Re8 14. b4 a6 15. Rab1 g5 16. Bh2 g4 17. hxg4 fxg4 18. Bxe4 dxe4 19. Nd2 Nb6 20. Ncxe4 Bg7 21. Nd6 Rf8 22. Nxc8 Raxc8 23. Qc5 Qd8 24. Qh5 Qd7 25. Ne4 Rce8 26. Nc5 Qc8 27. Nd3 Nd5 28. Be5 Re7 29. Bd6 Rf5 30. Qxg4 Nxe3 31. Qh3 Nxf1 32. Bxe7 Nd2 33. Rd1 Nc4 34. Ne5 Nb6 35. Bc5 Nd5 36. Nc4 Nf4 37. Qg4 Qe6 38. Ne3 Rf6 39. Qxe6+ Rxe6 40. d5 Nxd5 41. Nxd5 cxd5 42. Rxd5 b5 43. Bd4 Re1+ 44. Kh2 Rd1 45. Rd8+ Bf8 46. Kg3 Kf7 47. Kg4 Be7 48. Rd5 Bf6 49. Kf5 Rxd4 50. Rc5 Be7 51. Rc6 Rd6 52. Rc2 Rd3 53. Ra2 Bf6 54. Ke4 Rb3 55. Kd5 Bb2 56. Kc6 Bxa3 57. Kb6 Bxb4 58. Rxa6 Be7 59. Kc6 b4 60. Kd5 Rb2 61. Rh6 Kg7 62. Rh3 Rxf2 63. Rg3+ Kf7 64. Kc4 Rf4+ 65. Kb3 h5 66. Rh3 h4 67. Rh1 Bf6 68. Rh3 Rg4 69. Ka4 Bc3 70. Kb3 Kg6 71. Rh1 Kg5 72. Rg1 h3 73. g3 Kf5 74. Rf1+ Ke4 75. Rf7 Rxg3 76. Rh7 Kf3 77. Kc4 Kg2 0-1

[Event "Burgas op 16th"]
[Site "Ourense"]
[Date "2007.07.12"]
[Round "8.20"]
[White "De Sousa da Silva, Armando"]
[Black "Lopez Garrido, Daniel"]
[Result "1-0"]
[WhiteElo "1972"]
[BlackElo "1861"]
[PlyCount "135"]
[EventDate "2007.07.05"]
[EventType "swiss"]
[EventRounds "9"]
[EventCountry "ESP"]
[SourceTitle "EXT 2008"]
[Source "ChessBase"]
[SourceDate "2007.11.25"]
[SourceVersion "1"]
[SourceVersionDate "2007.11.25"]
[SourceQuality "1"]

1. e4 e5 2. Nf3 Nc6 3. Bb5 Nge7 4. 0-0 g6 5. c3 Bg7 6. d4 exd4 7. cxd4 d5 8. exd5 Nxd5 9. Bg5 Qd6 10. Re1+ Be6 11. Ne5 0-0 12. Bxc6 bxc6 13. Nd2 f6 14. Nec4 Qd7 15. Bh4 Nb6 16. Rc1 Bh6 17. Rc3 Rad8 18. Nxb6 cxb6 19. Rd3 Bxa2 20. b3 Qd5 21. Re2 Rde8 22. Rde3 Bxe3 23. fxe3 a5 24. Qc2 Qh5 25. Nf3 g5 26. Bg3 g4 27. Ne1 Qd5 28. Qxa2 c5 29. dxc5 bxc5 30. Qxa5 Re4 31. Qc3 f5 32. Nd3 c4 33. bxc4 Rxc4 34. Qb3 Rd8 35. Ne1 Kg7 36. Qb2+ Kg6 37. Bh4 Rd6 38. Be7 Re6 39. Bh4 Qe4 40. Qb8 Re8 41. Qd6+ Qe6 42. Qxe6+ Rxe6 43. Nd3 f4 44. Bf2 Kf5 45. Re1 fxe3 46. Bg3 Ke4 47. Nf2+ Kd5 48. Nd3 Kd4 49. Nf4 Rec6 50. Kf1 Rc2 51. Rd1+ Rd2 52. Ne2+ Kd3 53. Nf4+ Kc2 54. Re1 Rd1 55. Ke2 Rxe1+ 56. Bxe1 Rc5 57. Kxe3 Re5+ 58. Kf2 h5 59. g3 Kb3 60. Bd2 Kc4 61. Be3 Kb5 62. Ke2 Kc6 63. Kd3 Kd7 64. Kd4 Rb5 65. Ke4 Ke7 66. Bd4 Kf7 67. Be5 Kg8 68. Nxh5 1-0